| 000 | 00886nam a22002537a 4500 | ||
|---|---|---|---|
| 005 | 20240530110613.0 | ||
| 008 | 161120s2015 ua g|b 000 0dara d | ||
| 017 |
_a2015/3843 _bمصر . دار الكتب المصرية |
||
| 020 | _a9789774279799 | ||
| 040 | _aEG-CaGPL | ||
| 082 | 0 | 4 |
_221 _a121.686\ _bس ف |
| 100 | 0 | _aسعيد توفيق | |
| 245 | 1 | 3 |
_aفي ماهية اللغة و فلسفة التأويل / _cسعيد توفيق |
| 250 |
_aط. 1 _bطبعة منقحة |
||
| 260 |
_aالقاهرة : _bالدار المصرية اللبنانية ، _c2015 . |
||
| 300 |
_a157 ص. ؛ _c20 سم. |
||
| 504 | _aببليوجرافية : ص 145 - 152 | ||
| 600 | 1 | _aهيدجر | |
| 600 | 1 | _aجادامر | |
| 650 | 0 | 7 |
_2qrmak _aالفلسفة الحديثة |
| 650 | 0 | 7 |
_2qrmak _aاللغة _xفلسفة |
| 942 |
_2ddc _cBK |
||
| 999 |
_c62909 _d62909 |
||